Statistics for Football Teams Saúl Ñíguez Played For

Click here to take the quiz!

General Stats

  • This quiz has been taken 9 times
  • The average score is 4 of 5

Answer Stats

LeagueYearsTeam% Correct
Spain2014-2021Atlético de Madrid
100%
Spain2022-Atlético de Madrid
100%
Spain2010-2013Atlético de Madrid B
100%
England2021-2022Chelsea FC
86%
Spain2013-2014Rayo Vallecano
43%

Score Distribution

Percentile by Number Answered

Percent of People with Each Score

Your Score History

You have not taken this quiz